LEADER 00820nam0-22003011i-450- 001 990002411230403321 005 20021010 010 $a88-7069-047-4 035 $a000241123 035 $aFED01000241123 035 $a(Aleph)000241123FED01 035 $a000241123 100 $a20021010d--------km-y0itay50------ba 101 0 $aita 200 1 $aLineamenti di nefrologia medica$fVittorio E. Andreucci. 210 $aNapoli$cIdelson$d1985. 215 $aXIX, 331 p.$cill.$d24 cm 610 0 $aRene - Malattie. 676 $a616.61 700 1$aAndreucci,$bVittorio Emanuele$0101707 801 0$aIT$bUNINA$gRICA$2UNIMARC 901 $aBK 912 $a990002411230403321 952 $a90 R 7A 03$b642$fFMEBC 959 $aFMEBC 996 $aLineamenti di nefrologia medica$9440239 997 $aUNINA DB $aING01 LEADER 00888nam0-2200289 --450 001 9910414260403321 005 20200908161144.0 100 $a20200908d2016----kmuy0itay5050 ba 101 1 $aita 102 $aIT 105 $a 001yy 200 1 $a<>misteri della massoneria$fWilliam Morgan$gtraduzione e introduzione di Douglas Swannie 210 $aAcireale$aRoma$cTipheret$d2016 215 $a2 volumi$cill.$d21 cm 225 $aBeth$v12$v13 327 $a1.: I primi tre gradi 2.:Arco reale e gradi cavallereschi 610 $aMassoneria 676 $a366.1$v23$zita 702 1$aSwannie,$bDouglas 801 0$aIT$bUNINA$gREICAT$2UNIMARC 901 $aBK 912 $a9910414260403321 952 $aCollez. 2738 (12)$b1972/2020$fFSPBC 952 $aCollez. 2738 (13)$b1973/2020$fFSPBC 959 $aFSPBC 996 $aMisteri della massoneria$91755985 997 $aUNINA